MARC details
| 000 -LEADER |
| fixed length control field |
00888nam a22002177a 4500 |
| 003 - CONTROL NUMBER IDENTIFIER |
| control field |
OSt |
| 005 - DATE AND TIME OF LATEST TRANSACTION |
| control field |
20260119074940.0 |
| 008 - FIXED-LENGTH DATA ELEMENTS--GENERAL INFORMATION |
| fixed length control field |
260119b |||||||| |||| 00| 0 eng d |
| 020 ## - INTERNATIONAL STANDARD BOOK NUMBER |
| International Standard Book Number |
0-8713-182049. |
| 040 ## - CATALOGING SOURCE |
| Original cataloging agency |
DWCL-Main lib. |
| Transcribing agency |
OC |
| 082 ## - DEWEY DECIMAL CLASSIFICATION NUMBER |
| Classification number |
Circ. 616.891 R434 1993 |
| 110 ## - MAIN ENTRY--CORPORATE NAME |
| Corporate name or jurisdiction name as entry element |
Committee on Psychiatry and the Community, Group for the Advancement of Psychiatry |
| 245 ## - TITLE STATEMENT |
| Title |
Resident's guide to treatment of people with chronic mental illness/ |
| Statement of responsibility, etc. |
Committee on Psychiatry and the Community, Group for the Advancement of Psychiatry |
| 260 ## - PUBLICATION, DISTRIBUTION, ETC. |
| Place of publication, distribution, etc. |
Washington, D. C. : |
| Name of publisher, distributor, etc. |
American Psychiatric Press, Inc., |
| Date of publication, distribution, etc. |
c1993. |
| 300 ## - PHYSICAL DESCRIPTION |
| Extent |
xiv, 230 pages ; |
| Dimensions |
23 centimeters. |
| 504 ## - BIBLIOGRAPHY, ETC. NOTE |
| Bibliography, etc. note |
Includes index. |
| 650 ## - SUBJECT ADDED ENTRY--TOPICAL TERM |
| Topical term or geographic name entry element |
1. Chronically ill-Treatment. |
| 650 ## - SUBJECT ADDED ENTRY--TOPICAL TERM |
| Topical term or geographic name entry element |
2. Mentally ill-Treatment. |
| 650 ## - SUBJECT ADDED ENTRY--TOPICAL TERM |
| Topical term or geographic name entry element |
3. Psychiatry-Study and teaching (Residency). |
| 942 ## - ADDED ENTRY ELEMENTS (KOHA) |
| Source of classification or shelving scheme |
Dewey Decimal Classification |
| Koha item type |
Book Circulation |
| Classification part |
Circ. |
| Suppress in OPAC |
No |
| 952 ## - LOCATION AND ITEM INFORMATION (KOHA) |
| -- |
|